00671nam a2200205 i 450000100060000000300090000600500170001500700030003200800410003510000260007624501430010226000360024530000220028149000170030365000270032070000270034770000420037483000170041685200320043361231ES-MaACL20230906164415.0t|031111s1983 sp ||||1| spa d1 aEysenck, Hans Jurgen.13aLa confrontación sobre la inteligencia b: ¿herencia-ambiente? /cH.J. Eysenck, Leon Kamin ; [traducción de Pilar Sánchez López]. aMadrid : bPirámide, c[1983] a263 p. ; c21 cm.1 aPsicología aTests de inteligencia.1 aKamin, L. J. (d1924-)1 aSánchez López, María del Pilar.0 aPsicología aES-MaACLjL-5153 bR.105406